Best Bills players all-time - Statistics

General Stats
  • This quiz has been taken 36 times
    23 since last reset
  • The average score is 6 of 8
Answer Stats
best stats each player Answer % Correct
22,703 Josh Allen
94%
35,467 Jim kelly
89%
9,995 Stefon Diggs
89%
11,236 O.J. Simpson
83%
200 Bruce Smith
67%
13,095 Andre Reed
56%
12,074 Thurman Thomas
56%
123.5 Von Miller
28%
No matching quizzes found
Score Distribution
Percent of People with Each Score
Percentile by Number Answered
Your Score History
You have not taken this quiz since the last reset